| 000 | 01061nam a22002297a 4500 | ||
|---|---|---|---|
| 999 |
_c62955 _d62955 |
||
| 003 | Ge_BSU | ||
| 005 | 20250403123255.0 | ||
| 008 | 250403s2025 ge ||||| |||| 00| 0 geo d | ||
| 020 | _a9789941346620 | ||
| 041 | _ageo | ||
| 080 | _a394.48 (479.22) ბ-83 | ||
| 100 |
_aბოლქვაძე, ნიაზ _94841 |
||
| 245 |
_aშოთა რუსთაველის გეოპოლიტიკური ხედვა / _cნიაზ ბოლქვაძე; რედ. ვ. შუბითიძე; |
||
| 264 |
_aთბილისი : _bმერიდიანი _c2025. |
||
| 300 |
_a100 გვ. : _bილ.; _c20 სმ. |
||
| 504 | _aბიბლიოგრ. გვ. 98-99 | ||
| 653 | _aრუსთველოლოგიური კვლევები | ||
| 653 | _aშოთა რუსთაველი | ||
| 653 | _aრუსთაველის გეოპოლიტიკური ხედვა | ||
| 700 |
_aშუბითიძე, ვ. _eრედაქტორი _924735 |
||
| 942 |
_2udc _cᲬᲘᲒᲜᲘ |
||